00915cam a22002897a 4500003000500000005001700005008004100022010001000063011001000073035001000083040000900093082001500102100002500117245003500142260004000177300001100217590004100228590004100269590004100310590004200351650002800393901000700421942001000428949005300438999001700491952011700508CHAP20220329140623.0971013s1949 us r 00010 eng d a54870 a55842 a59995 cCHAP04a581.9bW5500aWillis, J.C.912213814aThe birth and spread of plants aWaltham :bChronica Botanica,c1949 a561 p. aBATCH-UPDb10c20130110lUCH01h0537 aBATCH-UPDb10c20130410lUCH01h0218 aBATCH-UPDb10c20130914lUCH01h1415 aCONVERSIONb10c20130109lUCH01h133014aFitogeografía.941157 aBK cLIBRO a581.9 W55bBCcBPAd-129508eBPAh9644i59995si c54870d54870 01104053708MDaBCbBCd2019-12-31fLIBROi127l0o581.9 W55p-129508r2019-12-31 00:00:00w2019-12-31yLIBRO